|
|
|
|
| LEADER |
00000nab a2200000 ar4500 |
| 001 |
vtls008419248 |
| 003 |
SK-MaSNL |
| 005 |
20260303070058.0 |
| 008 |
051216c20050908xo mr|p|||||||000 b|slo |
| 038 |
|
|
|a SNSK
|
| 040 |
|
|
|a SNSK
|b slo
|c SNSK
|e AACR2
|
| 041 |
0 |
|
|a slo
|
| 044 |
|
|
|a xo
|c SK
|
| 080 |
|
|
|a 73
|2 UDC-MRF-SK2
|
| 080 |
|
|
|a 745.51
|2 UDC-MRF-SK2
|
| 100 |
1 |
|
|a Rusnáková, Vanda
|4 aut
|9 883481
|
| 245 |
1 |
0 |
|a Kechnec : Dostanú za raritu pokutu?
|b sochy vyrezané zo živého dreva sa zmenili na nočnú moru
|c Vanda Rusnáková
|
| 300 |
|
|
|b Fotogr.
|
| 650 |
0 |
7 |
|a sochy
|2 snsk
|9 29846
|
| 650 |
0 |
7 |
|a pokuty
|2 snsk
|9 409822
|
| 651 |
|
7 |
|a Kechnec (Slovensko)
|2 snsk
|9 29464
|
| 651 |
|
7 |
|a Košice-okolie (Slovensko : okres)
|2 snsk
|9 146743
|
| 773 |
0 |
|
|t Nový Čas
|g Roč. 15, č. 208 (8.9.2005), s. 11.
|x 1335-4655
|
| 852 |
|
|
|a SNSK
|b KIS3GCP
|
| 999 |
|
|
|c 1753848
|d 1755778
|